007100000a220019300045000410008000000820021000081000022000292450113000512600027001643000012001915000050002030010006002539420007002599520145002669990017004113360027004283370033004553380028004880 aSPA04aG 266.0092 G612m1 aGoforth, Rosalind10aMilagros en la China : La oración eficáz puede mucho / Rosalind Goforth; Susana Beítez Lacy, Traductor aMiami, FL., USA : Vida a157 Pag aTitulo original : How know God answers prayer10730 cBK 001040708GENaFUSBCbFUSBCd2005-01-25l1m2oG 266.0092 G612m p13754r2019-12-12 00:00:00s2018-02-08t2016-12-02w2016-01-26yBKB0C3 c40189d40189 atextobtxt2rdacontent 2rdamediaasin mediaciónbn 2rdacarrieravolumenbnc